Famous Mistresses, Masters, Lovers and Cheaters - Statistics

General Stats
  • This quiz has been taken 1,573 times
  • The average score is 6 of 22
Answer Stats
Hint Answer % Correct
John F Kennedy Marilyn Monroe
81%
Adolf Hitler Eva Braun
76%
Julius Ceasar Cleopatra
73%
Bill Clinton Monica Lewinsky
71%
King Henry VIII Anne and Mary Boleyn
60%
Prince Charles Camilla Parker Bowles
44%
Soon-Yi Previn Woody Allen
38%
Marla Maples Donald Trump
34%
King Edward VIII Wallis Simpson
34%
Johnny Cash June Carter
30%
Estella Marie Thompson (Divine Brown) Hugh Grant
25%
Rachel Uchitel, Jaimee Grubs, Joslyn James, Croi Rist, Jamie Jungers, etc Tiger Woods
18%
Joey Buttafuoco Amy Fisher
13%
Natalie Kenly and Rachel Oberlin (Bree Olson) Charlie Sheen
8%
Rielle Hunter John Edwards
8%
Vili Fualaau Mary Kay Letourneau
7%
Mildred "Patty" Baena Arnold Schwarzenegger
6%
Rupert Sanders Kristen Stewart
6%
Ashley Dupre Eliot Spitzer
4%
Vladimir Putin (allegedly) Alina Kabaeva
3%
Stephanie Birkitt David Letterman
3%
Daisy Wright Jude Law
3%
No matching quizzes found
Score Distribution
Percent of People with Each Score
Percentile by Number Answered
Your Score History
You have not taken this quiz